00457 2200157 4500245008200000020002200082250001200104100001900116650004600135005001900181260004200200041001400242084000800256300002600264336000900290 aLing Zhib : Langkah Tepat Usaha Jamur Berkhasiat ObatcWarisno, S.PKPhText a978-979-22-7504-9 aCet. 11 aWarisno, S.PKP aLangkah Tepat Usaha Jamur Berkhasiat Obat a20240904131933 aJakartabGramedia Pustaka Utamac2011 aIndonesia a630 axv, 170 hlm. :c20 cm atext